50 cosas que hay que saber sobre matemáticas (Registro nro. 4449)
[ vista simple ]
| 000 -LEADER | |
|---|---|
| fixed length control field | 01876 a2200229 4500 |
| 001 - CONTROL NUMBER | |
| control field | 47736 |
| 005 - DATE AND TIME OF LATEST TRANSACTION | |
| control field | 20260407155743.0 |
| 008 - FIXED-LENGTH DATA ELEMENTS--GENERAL INFORMATION | |
| fixed length control field | 260407a2011 arg spa d |
| 003 - CONTROL NUMBER IDENTIFIER | |
| control field | AR-UNSa-BCEJYS |
| 040 ## - CATALOGING SOURCE | |
| Original cataloging agency | AR-UNSa-BCEJYS |
| Language of cataloging | spa |
| Transcribing agency | AR-UNSa-BCEJYS |
| 080 ## - UNIVERSAL DECIMAL CLASSIFICATION NUMBER | |
| Universal Decimal Classification number | 510 |
| Common auxiliary subdivision | Consideraciones fundamentales y generales de las matemáticas<br/> |
| 020 ## - INTERNATIONAL STANDARD BOOK NUMBER | |
| International Standard Book Number | 978-987-1496-09-9 |
| 100 1# - MAIN ENTRY--PERSONAL NAME | |
| Personal name | Crilly, Tony |
| 245 10 - TITLE STATEMENT | |
| Title | 50 cosas que hay que saber sobre matemáticas |
| 264 #1 - PRODUCTION, PUBLICATION, DISTRIBUTION, MANUFACTURE, AND COPYRIGHT NOTICE | |
| Place of production, publication, distribution, manufacture | Barcelona : |
| Name of producer, publisher, distributor, manufacturer | Ediciones Ariel |
| Date of production, publication, distribution, manufacture, or copyright notice | 2011 |
| 300 ## - PHYSICAL DESCRIPTION | |
| Extent | 218 p. |
| Dimensions | 23 cm. |
| 505 ## - FORMATTED CONTENTS NOTE | |
| Formatted contents note | 1. El cero - 2. Sistemas numéricos - 3. Fracciones - 4. Cuadrados y raíces cuadradas - 5. π - 6. e - 7. El infinito - 8. Números imaginarios - 9. Primos - 10. Números perfectos - 11. Números de Fibonacci - 12. Rectángulos áureos - 13. El triángulo de Pascal 14. El álgebra - 15. El algoritmo de Euclides - 16. La lógica - 17. La demostración - 18. Conjuntos - 19. El cálculo infinitesimal - 20. Construcciones - 21. Triángulos - 22. Curvas - 23. La topología - 24. La dimensión - 25.Fractales - 26. El caos - 27. El postulado de las paralelas - 28. La geometría discreta - 29. Gráficas - 30. El problema de los cuatro colores - 31. La probabilidad - 32. La teoría de Bayes - 33. El problema del cumpleaños - 34. Distribuciones - 35. La curva normal - 36. Conexión de datos - 37. Genética - 38. Grupos - 39. Matrices - 40. Códigos - 41. Conteo avanzado - 42. Cuadrados mágicos - 43. Cuadrados latinos - 44. Matemáticas económicas - 45. El problema de la dieta - 46. El viajante - 47. Teoría de juegos - 48. La relatividad - 49. El último teorema de Fermat - 50. La hipótesis de Riemann - |
| 590 ## - LOCAL NOTE (RLIN) | |
| Local note | niveau_biblio:m niveau_hierar:0 |
| 700 1# - ADDED ENTRY--PERSONAL NAME | |
| Personal name | Herrando Pérez, Enrique |
| 856 41 - ELECTRONIC LOCATION AND ACCESS | |
| Uniform Resource Identifier | <a href="https://www.biblioeco.unsa.edu.ar/pmb/images/libros/L127653.jpg">https://www.biblioeco.unsa.edu.ar/pmb/images/libros/L127653.jpg</a> |
| Link text | Imagen de portada |
| Electronic format type | image/jpeg |
| 942 ## - ADDED ENTRY ELEMENTS (KOHA) | |
| Koha item type | |
| Withdrawn status | Lost status | Damaged status | Not for loan | Home library | Current library | Shelving location | Date acquired | Total checkouts | Full call number | Barcode | Date last seen | Price effective from | Koha item type |
|---|---|---|---|---|---|---|---|---|---|---|---|---|---|
| Biblioteca Prof. Eusebio Cleto del Rey | Biblioteca Prof. Eusebio Cleto del Rey | 07/04/2026 | 510 C929 | L127653 | 07/04/2026 | 07/04/2026 | Libro |